Política endógena de precios y de comercio internacional agrícolas en la República Dominicana / (Registro nro. 14064)
[ vista simple ]
| 000 -LEADER | |
|---|---|
| fixed length control field | 01376nam a2200277 a 4500 |
| 001 - CONTROL NUMBER | |
| control field | |
| 003 - CONTROL NUMBER IDENTIFIER | |
| control field | DO-SdBNP |
| 005 - DATE AND TIME OF LATEST TRANSACTION | |
| control field | 20221118091003.0 |
| 008 - FIXED-LENGTH DATA ELEMENTS--GENERAL INFORMATION | |
| fixed length control field | 090929s1986 dr a 001 0 spa d |
| 040 ## - CATALOGING SOURCE | |
| Original cataloging agency | DO-SdBNP |
| Language of cataloging | spa |
| Transcribing agency | BPMSU |
| 082 ## - DEWEY DECIMAL CLASSIFICATION NUMBER | |
| Classification number | 338.187293 |
| Item number | Q59p 1986 |
| Edition number | 22 |
| 100 1# - MAIN ENTRY--PERSONAL NAME | |
| Personal name | Quezada, Norberto |
| 245 10 - TITLE STATEMENT | |
| Title | Política endógena de precios y de comercio internacional agrícolas en la República Dominicana / |
| Statement of responsibility, etc. | Norberto Quezada; prólogo Maritza Ruiz. |
| 260 ## - PUBLICATION, DISTRIBUTION, ETC. (IMPRINT) | |
| Place of publication, distribution, etc. | Santo Domingo, : |
| Name of publisher, distributor, etc. | Taller, |
| Date of publication, distribution, etc. | 1986. |
| 300 ## - PHYSICAL DESCRIPTION | |
| Extent | 209 p. : |
| Other physical details | il ; |
| Dimensions | 22 cm. |
| 500 ## - GENERAL NOTE | |
| General note | Incluye referencias bibliográficas y notas al pie de las páginas |
| 504 ## - BIBLIOGRAPHY, ETC. NOTE | |
| Bibliography, etc | Bibliografía : p. 189-195 |
| 505 0# - FORMATTED CONTENTS NOTE | |
| Formatted contents note | Política económica que afecta la agricultura -- Impuesto y subsidios implícitos en el comercio, distribución por factores en la agricultura, y patrones de consumo -- Impuestos y subsidios Implícitos en el comercio -- Distribución por factores del ingreso Agrícola -- Patrones de Consumo -- La demanda de política económica -- Especificación de un modelo de política endógena.<br/><br/><br/> |
| 590 ## - LOCAL NOTE (RLIN) | |
| Local note | Inventariado,2022/VM |
| 650 #4 - SUBJECT ADDED ENTRY--TOPICAL TERM | |
| Topical term or geographic name as entry element | Política de precios agrícolas |
| General subdivision | República Dominicana |
| 650 #4 - SUBJECT ADDED ENTRY--TOPICAL TERM | |
| Topical term or geographic name as entry element | Política agrícola |
| General subdivision | República Dominicana |
| 650 #4 - SUBJECT ADDED ENTRY--TOPICAL TERM | |
| Topical term or geographic name as entry element | Comercio agrícola |
| 700 1# - ADDED ENTRY--PERSONAL NAME | |
| Personal name | Ruiz, Maritza |
| Relator term | prólogo |
| 910 ## - USER-OPTION DATA (OCLC) | |
| User-option data | VMateo V./Validado |
| 942 ## - ADDED ENTRY ELEMENTS (KOHA) | |
| Source of classification or shelving scheme | Dewey Decimal Classification |
| Koha item type | Libros |
| Withdrawn status | Lost status | Source of classification or shelving scheme | Damaged status | Not for loan | Collection code | Home library | Current library | Date acquired | Total Checkouts | Full call number | Barcode | Date last seen | Price effective from | Koha item type | Copy number |
|---|---|---|---|---|---|---|---|---|---|---|---|---|---|---|---|
| Dewey Decimal Classification | Colección Dominicana | Biblioteca Pública Metropolitana Salomé Ureña | Biblioteca Pública Metropolitana Salomé Ureña | 03/11/2022 | BPMSU CD 338.187293 Q59p 1986 | BPMSU22030023 | 03/11/2022 | 03/11/2022 | Libros | ||||||
| Dewey Decimal Classification | Colección Dominicana | Biblioteca Pública Metropolitana Salomé Ureña | Biblioteca Pública Metropolitana Salomé Ureña | 03/11/2022 | BPMSU CD 338.187293 Q59p 1986 | BPMSU25080012 | 08/11/2025 | 03/11/2022 | Libros | e.2 |